Harry Potter and the Chamber of Secrets quiz - Statistics

General Stats
  • This quiz has been taken 29 times
  • The average score is 9 of 20
Answer Stats
Hint Answer % Correct
What creature is the monster in the chamber of secrets? Basilisk
89%
Who's wand backfires and erases Gilderoys memory? Ron
84%
Where do Harry and Ron crash Mr Weasleys car? The whomping willow
84%
Who does Dobby serve? Lucius Malfoy
79%
What is the Weasleys house name? The burrow
74%
What is the acromantulas name? Aragog
68%
Who is the heir to Salazar Slytherin? Tom Riddle
68%
Who makes the bludger attack Harry? Dobby
58%
What is the ally with shops devoted to the dark arts? Knockturn ally
53%
Who's the oldest Weasley brother? Bill
47%
Who is the first person to be attacked? Mrs Norris
42%
What is Nevilles last name? Longbottom
26%
What does Harry use to stab the diary? Basilisk fang
21%
Who did the monster of Slytherin kill 50 years ago? Moaning Myrtle
21%
Where does Harry get the sword of Gryffindor from? The sorting Hat
21%
Who does Tom Riddle frame to be opening the chamber of secrets? Hagrid
16%
Where does Mr Weasley work? The ministry of magic
11%
Who does the monster of Slytherin target? Muggle Borns
5%
Who's the defense against the dark arts teacher? Gilderoys Lockhart
0%
What other language can Harry speak? Parseltounge
0%
No matching quizzes found
Score Distribution
Percent of People with Each Score
Percentile by Number Answered
Your Score History
You have not taken this quiz